<?xml version="1.0" encoding="UTF-8"?>
<collection xmlns:xsi="http://www.w3.org/2001/XMLSchema-instance" xsi:schemaLocation="http://www.loc.gov/MARC21/slim http://www.loc.gov/standards/marcxml/schema/MARC21slim.xsd" xmlns="http://www.loc.gov/MARC21/slim">
 <record>
  <leader>00000cam a22000004i 4500</leader>
  <controlfield tag="001">UP-8027390931316278760</controlfield>
  <controlfield tag="003">Buklod</controlfield>
  <controlfield tag="005">20260210144217.0</controlfield>
  <controlfield tag="006">a     r    |||| u|</controlfield>
  <controlfield tag="007">ta</controlfield>
  <controlfield tag="008">170407s2017    xx md   rb   a000 0|eng d</controlfield>
  <datafield tag="020" ind1=" " ind2=" ">
   <subfield code="a">9784916055835</subfield>
  </datafield>
  <datafield tag="020" ind1=" " ind2=" ">
   <subfield code="a">4916055837</subfield>
  </datafield>
  <datafield tag="035" ind1=" " ind2=" ">
   <subfield code="a">(iLib)UPMIN-00009427628</subfield>
  </datafield>
  <datafield tag="040" ind1=" " ind2=" ">
   <subfield code="a">AUM</subfield>
   <subfield code="b">eng</subfield>
   <subfield code="e">rda</subfield>
   <subfield code="c">AUM</subfield>
   <subfield code="d">GZN</subfield>
   <subfield code="d">KSU</subfield>
   <subfield code="d">ZLM</subfield>
   <subfield code="d">CHVBK</subfield>
   <subfield code="d">OCLCO</subfield>
   <subfield code="d">UKUOY</subfield>
   <subfield code="d">CWR</subfield>
  </datafield>
  <datafield tag="041" ind1="1" ind2=" ">
   <subfield code="a">eng</subfield>
   <subfield code="h">jpn</subfield>
  </datafield>
  <datafield tag="090" ind1=" " ind2="0">
   <subfield code="a">HQ799.J3</subfield>
   <subfield code="b">F8613 2017</subfield>
  </datafield>
  <datafield tag="100" ind1="1" ind2=" ">
   <subfield code="6">880-01</subfield>
   <subfield code="a">Furuichi, Noritoshi</subfield>
   <subfield code="d">1985-</subfield>
   <subfield code="e">author.</subfield>
  </datafield>
  <datafield tag="240" ind1="1" ind2="0">
   <subfield code="a">Zetsubo no kuni no kofuku na wakamonotachi.</subfield>
   <subfield code="l">English.</subfield>
  </datafield>
  <datafield tag="245" ind1="1" ind2="4">
   <subfield code="a">The happy youth of a desperate country</subfield>
   <subfield code="b">the disconnect between Japan's malaise and its millenials</subfield>
   <subfield code="c">Noritoshi Furuichi ; translated by Raj Mahtani.</subfield>
  </datafield>
  <datafield tag="246" ind1="3" ind2="0">
   <subfield code="a">Disconnect between Japan's malaise and its millenials.</subfield>
  </datafield>
  <datafield tag="250" ind1=" " ind2=" ">
   <subfield code="a">First edition.</subfield>
  </datafield>
  <datafield tag="300" ind1=" " ind2=" ">
   <subfield code="a">ix, 281 pages</subfield>
   <subfield code="b">illustrations, charts</subfield>
   <subfield code="c">22 cm.</subfield>
  </datafield>
  <datafield tag="490" ind1="1" ind2=" ">
   <subfield code="a">Japan library.</subfield>
  </datafield>
  <datafield tag="500" ind1=" " ind2=" ">
   <subfield code="a">&quot;This book is a translation of the paperback edition of Zetsubo no kuni no k?ofuku na wakamono-tachi, first published in 2011 and then released in paperback form in 2015, both published by Kodansha Ltd.&quot; -- Title page verso.</subfield>
  </datafield>
  <datafield tag="504" ind1=" " ind2=" ">
   <subfield code="a">Includes bibliographical references.</subfield>
  </datafield>
  <datafield tag="505" ind1="0" ind2=" ">
   <subfield code="a">The rise and fall of &quot;young people&quot; -- The restless young -- The &quot;collapse&quot; of &quot;Japan&quot;? -- The youths who stand up for Japan -- The great East Japan earthquake and the young people who met expectations -- The happy youth of a desperate country -- Supplementary chapter: a conversation with Takeru Sat?o.</subfield>
  </datafield>
  <datafield tag="520" ind1=" " ind2=" ">
   <subfield code="a">&quot;Young people in present-day Japan, a socially-polarized society, have been reportedly &quot;unhappy.&quot; According to statistics, however, 80 percent of them are currely &quot;satisfied&quot; with life. By drawing attention to this very fact, The Happy Youth of a Desperate Country, a magnum opus by acclaimed sociologist Noritoshi Furuichi, has revolutionized the discourse on youth theory in Japan. Containing more than six hundred footnotes, this work offers a probing examination of the portrait of &quot;young people&quot; and serves as the definitive edition for anyone seeking to attain a wide-ranging grasp of Japan and its &quot;young people,&quot; from a defining voice of their generation&quot;--Back cover.</subfield>
  </datafield>
  <datafield tag="541" ind1=" " ind2=" ">
   <subfield code="a">Japan Foundation</subfield>
   <subfield code="c">Gift &amp; Donation</subfield>
   <subfield code="d">May 3, 2017</subfield>
   <subfield code="e">SC-JF-gd3802</subfield>
   <subfield code="f">Main Library</subfield>
  </datafield>
  <datafield tag="546" ind1=" " ind2=" ">
   <subfield code="a">Translated from the original Japanese into English.</subfield>
  </datafield>
  <datafield tag="650" ind1=" " ind2="0">
   <subfield code="a">Youth</subfield>
   <subfield code="z">Japan</subfield>
   <subfield code="x">Attitudes.</subfield>
  </datafield>
  <datafield tag="650" ind1=" " ind2="0">
   <subfield code="a">Youth</subfield>
   <subfield code="z">Japan</subfield>
   <subfield code="x">Social conditions</subfield>
   <subfield code="y">21st century.</subfield>
  </datafield>
  <datafield tag="650" ind1=" " ind2="0">
   <subfield code="a">Youth</subfield>
   <subfield code="z">Japan</subfield>
   <subfield code="x">Social life and customs</subfield>
   <subfield code="y">21st century.</subfield>
  </datafield>
  <datafield tag="651" ind1=" " ind2="0">
   <subfield code="a">Japan</subfield>
   <subfield code="x">Social conditions</subfield>
   <subfield code="y">21st century.</subfield>
  </datafield>
  <datafield tag="700" ind1="1" ind2=" ">
   <subfield code="a">Mahtani, Raj</subfield>
   <subfield code="e">translator.</subfield>
  </datafield>
  <datafield tag="830" ind1=" " ind2="0">
   <subfield code="a">Japan library (Shuppan Bunka Sangyo Shinko Zaidan)</subfield>
  </datafield>
  <datafield tag="905" ind1=" " ind2=" ">
   <subfield code="a">FO</subfield>
  </datafield>
  <datafield tag="852" ind1="0" ind2=" ">
   <subfield code="a">UPMIN</subfield>
   <subfield code="b">UPMIN-MAIN</subfield>
   <subfield code="h">HQ799.J3</subfield>
   <subfield code="i">F8613 2017</subfield>
  </datafield>
  <datafield tag="942" ind1=" " ind2=" ">
   <subfield code="a">Book</subfield>
  </datafield>
 </record>
</collection>
